00321nam a2200133Ia 450000500170000000800410001702000150005804000080007308200190008110000140010024500200011426000350013430000180016920190131101227.0190125s9999 xx 000 0 und d a0060195185 cDLC a526.10954bKEA aJohn Keay aThe Great Arc / bHarper CollinsaNew Yorkc2000 axxi, 182 p. :